| 000 | 00613nam a22002057a 4500 | ||
|---|---|---|---|
| 999 |
_c5546 _d5546 |
||
| 003 | OSt | ||
| 005 | 20190830102420.0 | ||
| 008 | 170214b xxu||||| |||| 00| 0 eng d | ||
| 020 | _a9781416029137 | ||
| 040 | _c040a | ||
| 082 |
_a384 ARN _b2007 |
||
| 100 |
_aArnold, Elizabeth C.; Underman, Boggs Kathleen _911570 |
||
| 245 |
_aInterpersonal relationships : _bprofessional communication skills for nurses |
||
| 250 | _a5th.ed | ||
| 260 |
_aMissouri _bSaunders Elsevier _c2007 |
||
| 300 |
_ax, 555p; _bcol.ill: _c12cm. |
||
| 504 | _aincludes index | ||
| 650 |
_acommunication skills _92197 |
||
| 942 |
_2z _cO_SHELF |
||